000 00408pab a2200169 454500
008 180718b1997 xxu||||| |||| 00| 0 eng d
100 _aGupta, Meenakshi
245 _aReservations: case study of the IITs
260 _c1997
300 _ap.45-56
362 _aOct-Dec
650 _aCase studies
650 _aBackward classes
700 _aKirpal, Viney
773 _aIASSI Quarterly
909 _a38336
999 _c38336
_d38336